000 00603nam a2200217Ia 4500
005 20241129120231.0
008 241129s9999||||xx |||||||||||||| ||und||
020 _a9781032723556
037 _aTB
040 _aSDCL
_beng
_cSDCL
041 _aeng
_2eng
084 _aP111, R3
_qSDCL
100 _aDin Kamal Ud
_9729487
245 0 _aUnderstanding english language teaching in EFL context : From idea to practicality
260 _aLondon
_bRoutledge
_c2024
300 _axiii,168p.
365 _aINR
_b1295
650 _aEnglish
942 _cTB
_hP111, R3
999 _c1233934
_d1233934